Algunas consideraciones sobre la inducción del personal ingresante (Registro nro. 17085)

Detalles MARC
000 -LEADER
fixed length control field 00366 a2200109 4500
001 - CONTROL NUMBER
control field ART_2043
005 - DATE AND TIME OF LATEST TRANSACTION
control field 20260410161722.0
008 - FIXED-LENGTH DATA ELEMENTS--GENERAL INFORMATION
fixed length control field 260409a
100 1# - MAIN ENTRY--PERSONAL NAME
Personal name Mucci, Ottorino Oscar
245 10 - TITLE STATEMENT
Title Algunas consideraciones sobre la inducción del personal ingresante
773 0# - HOST ITEM ENTRY
Title Administración de empresas
Related parts - Año XIX, Nº 218 (may. 1988)
Record control number REV2036

No hay ítems disponibles.